UM Logo
Normal view MARC view
  • Pazzibugan, Dona Z.

Entry Personal Name

Number of records used in: 1

001 - CONTROL NUMBER

  • control field: 46719

003 - CONTROL NUMBER IDENTIFIER

  • control field: OSt

005 - DATE AND TIME OF LATEST TRANSACTION

  • control field: 20221108151328.0

008 - FIXED-LENGTH DATA ELEMENTS

  • fixed length control field: 221108|| aca||aabn | a|a d

040 ## - CATALOGING SOURCE

  • Original cataloging agency: OSt
  • Transcribing agency: OSt

100 ## - HEADING--PERSONAL NAME

  • Personal name: Pazzibugan, Dona Z.

670 ## - SOURCE DATA FOUND

  • Source citation: Work cat.: (OSt): Pazzibugan, Dona Z., Leni, Bongbong file final plea on poll protest at SC /, January 8, 2020.